| 000 | 01074nam a2200289Ia 4500 | ||
|---|---|---|---|
| 008 | 250527m2025 xx 000 0 spa d | ||
| 041 | _aspa | ||
| 110 | 2 |
_aCCOO _bConfederación Sindical _927927 |
|
| 245 | 1 | 0 |
_aUnai Sordo se presentará a la reelección como secretario general de CCOO _c/ Confederación Sindical de CCOO |
| 260 |
_a[Madrid] : _bCCOO, Confederación Sindical, _c2025 |
||
| 300 |
_a6 p. ; _c 30 cm |
||
| 500 | _aEn: Gaceta Sindical, n. 533 (mayo 2025), p. 1-6 | ||
| 650 | 0 |
_aCCOO _960 |
|
| 650 | 0 |
_aSINDICATO _9208 |
|
| 650 | 0 |
_aSINDICALISMO _9189 |
|
| 650 | 0 |
_aSINDICALIZACION _9169 |
|
| 650 | 0 |
_aCONTRATO SOCIAL _96791 |
|
| 650 | 0 |
_aNEGOCIACION COLECTIVA _974 |
|
| 650 | 0 |
_aDERECHOS DE LOS TRABAJADORES _94 |
|
| 650 | 0 |
_aDEMOCRACIA _9387 |
|
| 650 | 0 |
_aESTRUCTURA SINDICAL _91855 |
|
| 650 | 0 |
_aCONFERENCIA _9311 |
|
| 710 | 2 |
_aCCOO _bConfederación Sindical _bCongreso _n13º _d2025 _cMadrid _938954 |
|
| 856 |
_zPDF _uhttps://docpublicos.ccoo.es/cendoc/071348UnaiSordoPresentara.pdf |
||
| 907 | _a13º Congreso Confederal | ||
| 942 |
_cDOCU_ELEC _2ddc _n0 |
||
| 999 |
_c62439 _d62439 |
||